000
00319nam a2200145Ia 4500
008
230711s9999||||xx |||||||||||||| ||und||
041
_a
ENG
082
_a
510
_b
HA-L
100
_a
Hadley,G
245
0
_a
Linear algebra
250
_a
1st
260
_c
1976
_a
New Delhi
_b
Chander,M.
650
_a
Mathematics
942
_c
BK
999
_c
2544
_d
2544